Acceso léxico y lectura de textos en estudiantes universitarios (Record no. 198526)

MARC details
000 -CABECERA
campo de control de longitud fija 02030cab a2200301 ab4500
005 - FECHA Y HORA DE LA ÚLTIMA TRANSACCIÓN
campo de control 20240924070930.0
008 - ELEMENTOS DE LONGITUD FIJA--INFORMACIÓN GENERAL
campo de control de longitud fija 991125c2017 mx qr p o 000 0 spa d
035 ## - NÚMERO DE CONTROL DEL SISTEMA
Número de control de sistema UPN01000226430
040 ## - FUENTE DE LA CATALOGACIÓN
Centro catalogador/agencia de origen MX-MxUPN
Lengua de catalogación spa
Centro/agencia transcriptor MX-MxUPN
Normas de descripción aacr2
049 ## - COLECCIÓN
Colección ART-E
100 1# - ASIENTO PRINCIPAL--NOMBRE PERSONAL
Nombre de persona Cuadro, Ariel
Enlace - acuadro@ucu.edu.uy
100 1# - ASIENTO PRINCIPAL--NOMBRE PERSONAL
Nombre de persona Balbi, Alejandra
100 1# - ASIENTO PRINCIPAL--NOMBRE PERSONAL
Nombre de persona Luis, Agustina
245 10 - MENCIÓN DE TÍTULO
Título Acceso léxico y lectura de textos en estudiantes universitarios
Medio [recurso electrónico en línea]
506 0# - NOTA DE RESTRICCIONES AL ACCESO
Limitaciones de acceso Acceso abierto
520 3# - NOTA DE RESUMEN, ETC.
Sumario, etc. Diversos estudios han mostrado que las habilidades relacionadas con el reconocimiento de la palabra escrita predicen la comprensión lectora durante los primeros años escolares, pero no así en los años superiores planteando incluso que llegarían a ser habilidades independientes. En este trabajo nos propusimos analizar, a partir de una muestra de 2,403 estudiantes de primer año de universidad, la relación entre el reconocimiento de la palabra escrita, considerando los aspectos de precisión y velocidad, y la lectura de textos escritos elaborados por docentes de Literatura en el bachillerato. Los resultados dan muestra de una relación significativa leve entre el reconocimiento de la palabra escrita y la respuesta efectiva a preguntas de comprensión de textos escritos, en estudiantes con dificultades en el acceso lector. Se discuten estos resultados en el marco de los modelos cognitivos de la lectura que destacan el conocimiento léxico-semántico en el acceso léxico. REDIE
650 #4 - ASIENTO SECUNDARIO DE MATERIA - TERMINO TEMATICO
Término de materia o nombre geográfico como elemento de entrada Lectura
9 (RLIN) 13351
650 #4 - ASIENTO SECUNDARIO DE MATERIA - TERMINO TEMATICO
9 (RLIN) 1537
Término de materia o nombre geográfico como elemento de entrada Comprensión lectora
653 0# - TERMINO DE INDIZACION - NO CONTROLADO
Término no controlado Textos académicos
653 0# - TERMINO DE INDIZACION - NO CONTROLADO
Término no controlado Reconocimiento de palabras
653 0# - TERMINO DE INDIZACION - NO CONTROLADO
Término no controlado Educación superior
773 ## - ENLACE AL DOCUMENTO FUENTE/ENTRADA DE REGISTRO ANFITRIÓN
Parte(s) relacionada(s) Vol. 19, no. 4 (2017), p. 1-8
Título REDIE: revista electrónica de investigación educativa
Número Internacional Normalizado para Publicaciones Seriadas 1607-4041
856 4# - LOCALIZACIÓN Y ACCESO ELECTRÓNICOS
Identificador Uniforme del Recurso <a href="https://redie.uabc.mx/redie/article/view/1282/1588">https://redie.uabc.mx/redie/article/view/1282/1588</a>
856 4# - LOCALIZACIÓN Y ACCESO ELECTRÓNICOS
Identificador Uniforme del Recurso <a href="https://doi.org/10.24320/redie.2017.19.4.1282">https://doi.org/10.24320/redie.2017.19.4.1282</a>
902 ## - ELEMENTOS DE DATOS B LOCAL, LDB (RLIN)
Creó Leonor Sotres/020824
905 ## - TIPO DE MATERIAL
Tipo de material Articulo
942 ## - ELEMENTOS DE PUNTO DE ACCESO ADICIONAL (KOHA)
Tipo de ítem Koha Artículo Electrónico
Holdings
Estado de retiro Estado de pérdida Estado dañado No para préstamo Código de colección Localización permanente Ubicación/localización actual Ubicación en estantería Fecha de adquisición Total de préstamos Fecha visto por última vez Identificador Uniforme del Recurso Precio válido a partir de Tipo de ítem Koha
        Acceso abierto Bib. Gregorio Torres Quintero Bib. Gregorio Torres Quintero En línea 02/08/2024   02/08/2024 https://redie.uabc.mx/redie/article/view/1282/1588 02/08/2024 Artículo Electrónico